Bandido rock

Saved in:
Bibliographic Details
Main Author: Carrasco, Joe King.
Corporate Author: Coronas (Musical group)
Format: Electronic
Language:English
Spanish
Published: Cambridge, Mass. : Rounder, p1987.
Series:American song
Subjects:
Tags: Add Tag
No Tags, Be the first to tag this record!
LEADER 01007cjm a22002532i 4500
001 012774331-6
005 20110518041059.0
008 880105s1987 mau||n||s|||||||||||eng|d
033 |b 4034  |c A9 
040 |a TAW  |c TAW  |d CPL  |d MDY  |d VaAlASP 
041 0 |d eng  |d spa 
043 |a n-us--- 
100 1 |a Carrasco, Joe King. 
245 1 0 |a Bandido rock  |h [electronic resource] /  |c Joe King Carrasco y Los Coronas. 
260 |a Cambridge, Mass. :  |b Rounder,  |c p1987. 
300 |a 1 online resource. 
500 |a Originally issued as compact disc. 
505 0 0 |t Juarez and Zapata  |g (3:22) --  |t Pachuco hop  |g (3:04) --  |t Bandido rock  |g (3:31) --  |t Arriba sandino  |g (3:15) --  |t Hey gringo "No pasaran"  |g (4:41) --  |t Banana  |g (3:59) --  |t Chicano town  |g (2:30) --  |t Dame tu nook nook  |g (2:36) --  |t Kry tuff  |g (4:01) --  |t Fuera yanqui  |g (4:06). 
650 0 |a Rock music  |y 1981-1990. 
710 2 |a Coronas (Musical group) 
776 1 |c Original publisher catalog number  |o CD 9012 
830 0 |a American song  |5 net 
988 |a 20110518 
906 |0 OCLC